Sanat - "Nyt on lähtö" - Paula Vesala - Statistics

Yleistilastot
  • Tätä visaa on pelattu 18 kertaa
  • Keskiarvotulos 100 / 183
Vastaustilastot
Vastaus % Oikein
En
100%
en
100%
lähtö
100%
nyt
100%
on
100%
ei
86%
sun
86%
kestäis
79%
rakkauteen
79%
vaik
79%
vihaa
79%
kun
71%
pimeyteen
71%
pystyisi
71%
ja
64%
64%
vaikka
64%
niin
57%
tää
57%
taas
57%
et
50%
jos
50%
mua
50%
mut
50%
oo
50%
pakko
50%
se
50%
hypätään
43%
jäädä
43%
kulkemaan
43%
tippuisiin
43%
tippuisin
43%
vaan
43%
kuin
36%
kuljetaan
36%
lähtemään
36%
lentämään
36%
mitä
36%
mun
36%
saa
36%
tähänkään
36%
tai
36%
tiedä
36%
luotiin
29%
luotiinks
29%
silti
29%
tehtiinks
29%
että
21%
luopumaan
21%
peruttiin
21%
rakastaa
21%
siinä
21%
syntyny
21%
uskallanks
21%
vastattiin
21%
annoin
14%
itteeni
14%
kaiken
14%
käy
14%
kiivetään
14%
kyyneliin
14%
luoja
14%
missä
14%
näät
14%
ne
14%
rohkeudest
14%
rukouksiin
14%
satuttaa
14%
sirpaleet
14%
syy
14%
torakka
14%
vuori
14%
ennen
7%
jään
7%
joskus
7%
kuullutkaan
7%
menestyy
7%
mulle
7%
oonko
7%
pudonneet
7%
selviytyy
7%
seuraat
7%
sielultaan
7%
siirtyy
7%
taskuistani
7%
tehä
7%
tielleni
7%
tuhotaan
7%
yksinään
7%
päätin
0%
pitääks
0%
pystyyn
0%
tän
0%
Ehtoja vastaavia visoja ei löytynyt
Tulosjakauma
Jokaisen tuloksen saaneiden osuus
Persentiili vastausten määrän mukaan
Tuloshistoriasi
Et ole pelannut tätä visaa